| 000 | 02840nam0a2200481 4500 | ||
|---|---|---|---|
| 001 | RU\NLR\bibl\133715 | ||
| 005 | 20250618042349.0 | ||
| 010 |
_a5-9274-0005-1 _9200 |
||
| 021 |
_aRU _b2000-35032 _91624 |
||
| 035 | _a(NLR Aleph) 000130980 | ||
| 090 |
_a748043 _c748043 |
||
| 100 | _a20010205d2000 |||y0rusy50 ca | ||
| 101 | 0 | _arus | |
| 102 | _aRU | ||
| 105 | _aabc ||||||||| | ||
| 200 | 1 |
_aГеология и геоэкология Фенноскандии, Северо-Запада и Центра России _eМатериалы XI Молодеж. науч. конф., посвящ. памяти К. О. Кратца [15-18 мая 2000 г., Петрозаводск _fРедкол.: Рыбаков С. И. и др.] |
|
| 210 |
_aПетрозаводск _cКНЦ РАН _d2000 |
||
| 215 |
_a213 с. _cил., портр., карт. _d29 |
||
| 300 | _aВ надзаг.: Рос. акад. наук, Карел. науч. центр, Ин-т геологии, Петрозавод. гос. ун-т, Рос. фонд. фундам. исслед., ФЦП "Интеграция" | ||
| 300 | _aНа тит. л и обл.: 300 лет учреждения Приказа рудокоп. дел | ||
| 320 | _aБиблиогр. в конце докл. | ||
| 600 | 1 |
_aКратц _bК.О. _f1914 - 1983 _gКауко Оттович _92195882 _3RU\NLR\auth\661319754 |
|
| 600 | 1 |
_aКратц _bК. О. _f1914-1983 _gКауко Оттович _2psbo |
|
| 606 | 0 |
_aГеоэкология _jСъезды, совещания и т.п. _yФенноскандия, природная страна (Европа Северная) _92195887 _3RU\NLR\auth\661319757 |
|
| 606 | 0 |
_aГеоэкология _jСъезды, совещания и т.п. _yРоссийская Федерация _yЕвропейская часть _92195885 _3RU\NLR\auth\661319755 |
|
| 607 |
_aФенноскандия, природная страна (Европа Северная) _jСъезды, совещания и т.п. _xГеология _9963360 _3RU\NLR\auth\66360191 |
||
| 607 |
_aРоссийская Федерация _jСъезды, совещания и т.п. _xГеология _yЕвропейская часть _92195888 _3RU\NLR\auth\661319758 |
||
| 610 | 0 | _aГеология - Сборники | |
| 610 | 0 | _aГеоэкология - Сборники | |
| 675 |
_a[55+550.75](47-17)(082) _v3 _zrus |
||
| 686 |
_a38 _2rugasnti |
||
| 686 |
_a26.3 _2rubbk |
||
| 686 | _aД59(41)я431 | ||
| 686 | _aД59(2Р3)я431 | ||
| 686 | _aД3д(2)Кратц | ||
| 702 | 1 |
_aРыбаков _gСергей Иванович _4340 |
|
| 801 | 0 |
_aRU _bRKP _c20010205 _gPSBO |
|
| 801 | 1 |
_aRU _bRKP _c20010205 |
|
| 801 | 2 |
_aRU _bNLR _c20070406 _grcr |
|
| 852 |
_aNLR _j2001-8/16 |
||
| 942 | _cBOOK | ||
| 980 | _aNB | ||